Diario de una misión secreta a Santo Domingo (1846) / (Registro nro. 14379)

Detalles MARC
000 -LEADER
fixed length control field 01009nam a2200265 a 4500
001 - CONTROL NUMBER
control field 000010858
003 - CONTROL NUMBER IDENTIFIER
control field DO-SdBNP
005 - DATE AND TIME OF LATEST TRANSACTION
control field 20230322132805.0
008 - FIXED-LENGTH DATA ELEMENTS--GENERAL INFORMATION
fixed length control field 091012s1978 dr 001 0 spa d
020 ## - INTERNATIONAL STANDARD BOOK NUMBER
International Standard Book Number 8484010198
040 ## - CATALOGING SOURCE
Original cataloging agency DO-SdBNP
Language of cataloging spa
Transcribing agency BPMSU
082 #4 - DEWEY DECIMAL CLASSIFICATION NUMBER
Classification number 972.93
Item number PP843d 1978
Edition number 22
100 1# - MAIN ENTRY--PERSONAL NAME
Personal name Porter, David D.
Dates associated with a name [1813-1891]
Fuller form of name (David Dixon),
245 10 - TITLE STATEMENT
Title Diario de una misión secreta a Santo Domingo (1846) /
Statement of responsibility, etc. David Dixon Porter ; traducción, P. Gustavo Amigo Jensen.
260 ## - PUBLICATION, DISTRIBUTION, ETC. (IMPRINT)
Place of publication, distribution, etc. Santo Domingo :
Name of publisher, distributor, etc. Editora de Santo Domingo,
Date of publication, distribution, etc. 1978.
300 ## - PHYSICAL DESCRIPTION
Extent xiii, 268 p. ;
Dimensions 24 cm.
490 0# - SERIES STATEMENT
Series statement Sociedad Domicana de Bibliófilos;
-- Cultura dominicana,
Volume/sequential designation 28
500 ## - GENERAL NOTE
General note Incluye referencias bibliográficas y notas al pie de las páginas
590 ## - LOCAL NOTE (RLIN)
Local note Inventariado, 2023/VM
600 14 - SUBJECT ADDED ENTRY--PERSONAL NAME
Personal name Poter, David D.
Fuller form of name (David Dixon),
Dates associated with a name 1813-1891
651 #4 - SUBJECT ADDED ENTRY--GEOGRAPHIC NAME
Geographic name República Dominicana
General subdivision Historia
Chronological subdivision 1844-1930
700 1# - ADDED ENTRY--PERSONAL NAME
Personal name Amigo Jensen, P. Gustavo
Relator term tr.
910 ## - USER-OPTION DATA (OCLC)
User-option data VMateo V. Control de calidad (BPMSU)
942 ## - ADDED ENTRY ELEMENTS (KOHA)
Source of classification or shelving scheme Dewey Decimal Classification
Koha item type Libros
Existencias
Withdrawn status Lost status Source of classification or shelving scheme Damaged status Not for loan Collection code Home library Current library Date acquired Full call number Barcode Date last seen Price effective from Koha item type Total Checkouts Copy number
    Dewey Decimal Classification     Colección Dominicana Biblioteca Pública Metropolitana Salomé Ureña Biblioteca Pública Metropolitana Salomé Ureña 03/22/2023 BPMSU CG 972.93 P843d 1978 BPMSU23030030 03/22/2023 03/22/2023 Libros    
    Dewey Decimal Classification     Colección Dominicana Biblioteca Pública Metropolitana Salomé Ureña Biblioteca Pública Metropolitana Salomé Ureña 04/11/2024 BPMSU CD 972.93 P843d 1978 BPMSU24040012 04/11/2024 04/11/2024 Libros   e.2
    Dewey Decimal Classification     Colección Dominicana Biblioteca Pública Metropolitana Salomé Ureña Biblioteca Pública Metropolitana Salomé Ureña 04/11/2024 BPMSU CD 972.93 P843d 1978 BPMSU24040018 04/16/2024 04/11/2024 Libros   e.3